00754 2200253 4500001002100000005001500021035002000036007000300056008004100059082000800100084001400108245013900122260002900261250000600290300004500296650001400341650001200355650001600367650002200383650002000405856003400425110002500459990001600484INLIS00000000000121920251104095855 a0010-1125000001ta251104 g 0 ind  a631 a631 SEK d1 aDari Krisis Menuju Kemandirian :bSatu Tahun Percepatan Swasembada Pangan Nasional Oktober 2024 - Oktober 2025 /cSekretariat Jenderal aJakarta :bSetjen,c2025 a1 av + 132 hlm. :bill., tab. ;c15 x 21 cm 4aPertanian 4aKinerja 4aKemandirian 4aSwasembada Pangan 4aPangan Nasional aPerpustakaan Sekretariat BRMP0 aSEKRETARIAT Jenderal a3417/2025/B